Statistics for Simpsons Trivia: The Parent Rap

Click here to take the quiz!

General Stats

  • This quiz has been taken 5 times
  • The average score is 9 of 14

Answer Stats

QuestionAnswer% Correct
What is the substitute judge's desk decoration?Guillotine
100%
What is the name of the new town judge?Judge Constance Harm
100%
Who cuts the rope tethering Bart to Homer?Marge
100%
How many years of juvenile detention was Bart supposed to be sentenced to?5
80%
What is Chief Wiggum's doughnut filled with?Jelly
80%
What do Bart and Milhouse get accused of?Joyriding
80%
What is Judge Roy Snyder's desk decoration?A Fishing Clown
60%
Bonus Question: What is the name of the next episode?Homer The Moe
60%
Who's tools do Homer and Marge use to break out of the boxes?Ned Flanders
60%
What is written on the banner Homer and Marge hang on her house?Big Meanie
40%
What is the name of the security guard Lisa waves to in court?Carrie
40%
When Homer falls asleep in class while he and Bart are tethered, and starts having nightmares, what title does Bart use for his teacher while explaining that he is having nightmares?Ma'am
40%
What street does the substitute judge live on?Oceanview Drive
20%
What is the name of the seal?Poncho
20%

Score Distribution

Percentile by Number Answered

Percent of People with Each Score

Your Score History

You have not taken this quiz